| 000 | 00514nam a2200193 a 4500 | ||
|---|---|---|---|
| 001 | 5202 | ||
| 003 | CO-ViMGA | ||
| 008 | 141112s2004 ck r 000 u spa d | ||
| 040 |
_aCO-ViMGA _bspa _cCO-ViMGA |
||
| 082 | 0 | 4 | _a928.6 C156h |
| 100 | 1 |
_aHandke, Peter _93514 |
|
| 245 | 1 | 0 | _aPero yo vivo solamente de los intersticios |
| 260 |
_aBarcelona : _bGedisa, _c1990 |
||
| 300 | _a195 p | ||
| 490 | _aEsquinas | ||
| 500 | _aEn diálogos con herbert gamper. | ||
| 650 | 1 | 4 |
_aCAMPER, HERBERT _93515 |
| 942 |
_2ddc _cBK |
||
| 999 |
_c17202 _d17202 |
||